James Stewart Movies - Statistics

General Stats
  • This quiz has been taken 616 times
    533 since last reset
  • The average score is 7 of 14
Answer Stats
Description Movie % Correct
San Francisco detective is afraid of heights Vertigo
93%
On Christmas Eve, desperate George Bailey realizes how miserable the world would have been without his presence It's a Wonderful Life
92%
Wheelchair-bound photographer is spying on his neighbours Rear Window
88%
Newly-elected senator has to deal with corrupt associates Mr. Smith Goes to Washington
63%
Middle-aged man has an invisible rabbit friend Harvey
58%
Senator tells the story about how he killed a notorious Old West bandit The Man Who Shot Liberty Valance
48%
Two students hide a corpse in their apartment before having guests over for dinner Rope
46%
A socialite's wedding plans become upset by the arrival of her ex-husband and a reporter The Philadelphia Story
45%
While on holiday in Marrakesh, a doctor and his wife have their son kidnapped The Man Who Knew Too Much
40%
Biopic about the "Moonlight Serenade" jazzman The Glenn Miller Story
32%
Two co-workers can't stand each other, but are unaware that they are each other's anonymous pen pal The Shop Around the Corner
32%
Everybody wants to possess the most powerful gun in the Old West Winchester '73
27%
Attorney's attempts to prove the innocence of his client, who has been accused of shooting a bar owner Anatomy of a Murder
21%
Like in Romeo and Juliet, two children from two rival families fall in love You Can't Take it With You
7%
No matching quizzes found
Score Distribution
Percent of People with Each Score
Percentile by Number Answered
Your Score History
You have not taken this quiz since the last reset